[Event "Chioggia op-C 14th"]
[Site "Chioggia"]
[Date "2019.10.04"]
[Round "1"]
[White "Cavazzini, Umberto"]
[Black "Cisco, Alberto"]
[Result "1-0"]
[WhiteElo "1532"]
[BlackElo "1357"]
[PlyCount "103"]
[EventDate "2019.10.04"]
[EventType "swiss"]
[EventRounds "5"]
[EventCountry "ITA"]
[SourceTitle "EXT 2022"]
[Source "ChessBase"]
[SourceDate "2021.10.06"]
[SourceVersion "1"]
[SourceVersionDate "2021.10.06"]
[SourceQuality "1"]

1. d4 d5 2. Nf3 Nc6 3. g3 Bf5 4. Bg2 e6 5. 0-0 Bd6 6. c4 Nf6 7. Nc3 0-0 8. Bg5 Be7 9. Qb3 Qd7 10. Rad1 Na5 11. Qb5 Qxb5 12. cxb5 c6 13. Ne5 Rfe8 14. f3 h6 15. Bd2 c5 16. e4 dxe4 17. Nxe4 b6 18. dxc5 Nxe4 19. fxe4 Bxc5+ 20. Kh1 Bg6 21. Bxa5 bxa5 22. Rd7 Re7 23. Rxe7 Bxe7 24. Nc6 Bd8 25. a4 a6 26. bxa6 Bc7 27. a7 e5 28. Rd1 Bb6 29. Rd7 f6 30. Rb7 Bxa7 31. Rxa7 Re8 32. Ne7+ Kh7 33. Nxg6 Kxg6 34. Rxa5 Rc8 35. h3 Rc4 36. Ra7 Rb4 37. a5 Rxb2 38. a6 Ra2 39. Bf1 Ra3 40. Kh2 Ra2+ 41. Bg2 Kh7 42. h4 h5 43. Kh3 Kh6 44. Bf1 Ra1 45. Kg2 Ra2+ 46. Kg1 Ra3 47. Ra8 Rxg3+ 48. Kf2 Ra3 49. a7 Kg6 50. Be2 Ra2 51. Ke3 Kf7 52. Bc4+ 1-0

[Event "Chioggia op-B 05th"]
[Site "Chioggia"]
[Date "2010.10.10"]
[Round "5"]
[White "Cavazzini, Umberto"]
[Black "Rombaldoni, Sharon"]
[Result "1-0"]
[WhiteElo "1698"]
[BlackElo "1622"]
[PlyCount "79"]
[EventDate "2010.10.08"]
[EventType "swiss"]
[EventRounds "5"]
[EventCountry "ITA"]
[SourceTitle "EXT 2022"]
[Source "ChessBase"]
[SourceDate "2021.10.06"]
[SourceVersion "1"]
[SourceVersionDate "2021.10.06"]
[SourceQuality "1"]

1. d4 c5 2. Nf3 e6 3. c4 Nf6 4. Nc3 Nc6 5. e3 Be7 6. Bd3 0-0 7. 0-0 b6 8. a3 Qc7 9. Nb5 Qb8 10. Bb1 a6 11. Nc3 b5 12. cxb5 axb5 13. Na2 Ba6 14. Re1 b4 15. axb4 cxb4 16. b3 Bc8 17. Bb2 d6 18. Qc2 Bd7 19. e4 Rc8 20. Qd3 e5 21. dxe5 dxe5 22. Nc1 Rxa1 23. Bxa1 Qc7 24. Ne2 Bd6 25. Nd2 Ne7 26. Nc4 Bb5 27. Rc1 Bxc4 28. Rxc4 Bc5 29. h3 Rd8 30. Qc2 Bxf2+ 31. Kxf2 Qa7+ 32. Bd4 exd4 33. Qd3 Qb7 34. Rxd4 Re8 35. e5 Nfd5 36. Qxh7+ Kf8 37. Qh8+ Ng8 38. Bh7 Qa8 39. Qxg8+ Ke7 40. Qxg7 1-0

[Event "Chioggia op-B 05th"]
[Site "Chioggia"]
[Date "2010.10.08"]
[Round "1"]
[White "Cavazzini, Umberto"]
[Black "Rosina, Graziano"]
[Result "0-1"]
[WhiteElo "1698"]
[BlackElo "1869"]
[PlyCount "110"]
[EventDate "2010.10.08"]
[EventType "swiss"]
[EventRounds "5"]
[EventCountry "ITA"]
[SourceTitle "EXT 2022"]
[Source "ChessBase"]
[SourceDate "2021.10.06"]
[SourceVersion "1"]
[SourceVersionDate "2021.10.06"]
[SourceQuality "1"]

1. d4 d5 2. c4 c6 3. cxd5 cxd5 4. Nf3 Nf6 5. Nc3 Nc6 6. Bf4 a6 7. h3 e6 8. e3 Bd6 9. Bxd6 Qxd6 10. Rc1 0-0 11. Bd3 e5 12. dxe5 Nxe5 13. Bb1 Rd8 14. Nd4 Qb4 15. Qd2 Nc4 16. a3 Qxb2 17. Qxb2 Nxb2 18. 0-0 Be6 19. Nd1 Nc4 20. a4 Rac8 21. Bf5 Bxf5 22. Nxf5 Kf8 23. Nc3 g6 24. Nd4 Ne4 25. Nf3 Nb2 26. Nxe4 dxe4 27. Ng5 Nxa4 28. Nxe4 Ke7 29. f4 f5 30. Ng5 Nc3 31. Rc2 h6 32. Nf3 Nd5 33. Re2 Kf6 34. g4 Nc3 35. g5+ hxg5 36. fxg5+ Kf7 37. Ree1 Ne4 38. Kg2 b5 39. h4 Nd2 40. Rh1 Nxf3 41. Kxf3 a5 42. h5 gxh5 43. Rxh5 Rh8 44. Rxh8 Rxh8 45. Kf4 Kg6 46. Rd1 Rh4+ 47. Ke5 Re4+ 48. Kd5 Kxg5 49. Rg1+ Rg4 50. Rb1 b4 51. Kc5 a4 52. Rxb4 Rxb4 53. Kxb4 Kg4 54. Kxa4 Kf3 55. Kb3 Kxe3 0-1

[Event "Noale Szabados Memorial-B 3rd"]
[Site "Noale"]
[Date "2010.02.06"]
[Round "3"]
[White "Cavazzini, Umberto"]
[Black "Lorenzon, Luigi"]
[Result "1-0"]
[WhiteElo "1716"]
[BlackElo "1434"]
[PlyCount "111"]
[EventDate "2010.02.05"]
[EventType "swiss"]
[EventRounds "5"]
[EventCountry "ITA"]
[SourceTitle "EXT 2022"]
[Source "ChessBase"]
[SourceDate "2021.10.06"]
[SourceVersion "1"]
[SourceVersionDate "2021.10.06"]
[SourceQuality "1"]

1. d4 Nf6 2. c4 e6 3. Nf3 d5 4. Nc3 c5 5. e3 cxd4 6. exd4 Nc6 7. cxd5 exd5 8. Bd3 Bg4 9. Be3 Bd6 10. h3 Bh5 11. a3 0-0 12. 0-0 a6 13. Rc1 Rc8 14. Be2 Re8 15. Qb3 b5 16. Qd1 Na5 17. Nd2 Bxe2 18. Nxe2 Nc4 19. Nxc4 dxc4 20. Nc3 Ne4 21. Qg4 Nxc3 22. Rxc3 Re6 23. Rfc1 Qc7 24. b4 Qc6 25. Rd1 Rg6 26. d5 Qe8 27. Qf5 Rf6 28. Qg4 Rd8 29. Bd4 Rg6 30. Qf3 Rd7 31. Re3 Re7 32. Rde1 Rxe3 33. Rxe3 Qd7 34. Bc5 h6 35. Kf1 Rf6 36. Qe4 Qc7 37. Bxd6 Qxd6 38. Qc2 Qd8 39. Re5 g6 40. Qe4 Kg7 41. Qd4 Qd6 42. f4 Kh7 43. Ke2 c3 44. Kd3 Qc7 45. Qxc3 Qxc3+ 46. Kxc3 Rxf4 47. d6 Rc4+ 48. Kd3 Rc8 49. Kd4 Kg7 50. Kd5 Rd8 51. Kc6 Kf6 52. Re1 Rc8+ 53. Kb7 Rc3 54. Re8 Rd3 55. Kc7 Rd5 56. d7 1-0